MARC details
| 000 -LEADER |
| campo de control de longitud fija |
03063cam a2200289 i 4500 |
| 001 - NÚMERO DE CONTROL |
| campo de control |
18416806 |
| 003 - IDENTIFICADOR DE NÚMERO DE CONTROL |
| campo de control |
CoMeUDC |
| 005 - FECHA Y HORA DE LA ÚLTIMA TRANSACCIÓN |
| campo de control |
20220512114314.0 |
| 008 - DATOS DE LONGITUD FIJA--INFORMACIÓN GENERAL |
| campo de control de longitud fija |
140803s2014 ck 000 0 spa |
| 010 ## - NÚMERO DE CONTROL DE LA BIBLIOTECA DEL CONGRESO |
| Número de control de LC |
2014422882 |
| 020 ## - NÚMERO INTERNACIONAL ESTÁNDAR DEL LIBRO |
| Número Internacional Estándar del Libro |
9789586959841 |
| 040 ## - FUENTE DE CATALOGACIÓN |
| Centro catalogador/agencia de origen |
DLC |
| Lengua de catalogación |
eng |
| Centro/agencia transcriptor |
CO-UdeC |
| Normas de descripción |
rda |
| Centro/agencia modificador |
DLC |
| 042 ## - CÓDIGO DE AUTENTICACIÓN |
| Código de autenticación |
pcc |
| 043 ## - CÓDIGO DE ÁREA GEOGRÁFICA |
| Código de área geográfica |
s-ck--- |
| 082 ## - NÚMERO DE LA CLASIFICACIÓN DECIMAL DEWEY |
| Número de clasificación |
347.861 |
| Número de ítem |
C957 |
| 100 ## - ENTRADA PRINCIPAL--NOMBRE DE PERSONA |
| 9 (RLIN) |
2080 |
| Nombre de persona |
Cruz Tejada, Horacio |
| 245 03 - MENCIÓN DEL TÍTULO |
| Título |
El proceso civil a partir del Código general del proceso / |
| Mención de responsabilidad, etc. |
Horacio Cruz Tejada. |
| 264 #1 - PRODUCCIÓN, PUBLICACIÓN, DISTRIBUCIÓN, FABRICACIÓN Y COPYRIGHT |
| Producción, publicación, distribución, fabricación y copyright |
Bogotá : |
| Nombre del de productor, editor, distribuidor, fabricante |
Universidad de Los Andes. Facultad de Derecho, |
| Fecha de producción, publicación, distribución, fabricación o copyright |
2014. |
| 300 ## - DESCRIPCIÓN FÍSICA |
| Extensión |
566 p. ; |
| Dimensiones |
24 cm |
| 504 ## - NOTA DE BIBLIOGRAFÍA, ETC. |
| Nota de bibliografía, etc. Nota |
Incluye bibliografía. |
| 505 0# - NOTA DE CONTENIDO CON FORMATO |
| Nota de contenido con formato |
Presentación / Horado Cruz Tejada -- Principios generales del nuevo Código General del Proceso / Octavio Augusto Tejeiro Duque -- La raíz del Código General del Proceso : una movida concéntrica / Maria del Socorro Rueda Fonseca -- El régimen de jurisdicción y competencia en el Código General del Proceso / Horado Cruz Tejada -- ¿Usurpación de las funciones jurisdiccionales a cargo de las autoridades administrativas? / Diana Carolina Campos Tovar -- Partes, terceros y apoderados / Ulises Canosa Suárez -- Las nulidades procesales / Miguel Enrique Rojas Gómez -- Reglas generales de procedimiento / Octavio Augusto Tejeiro Duque -- Pruebas preconstituidas, anticipadas o extraprocesales / Ana Giacomette Ferrer -- Modificación al régimen de la carga de la prueba en el Código General del Proceso / Luis Guillermo Acero Gallego -- Sistema probatorio / Jorge Forero Silva -- La prueba pericial en el Código General del Proceso : una aproximación desde el análisis económico del derecho / Juan David Gutiérrez Rodríguez -- Modificaciones que introduce el Código General del Proceso en la inspección judicial, los documentos y prueba por informes / Jimmy Rojas Suárez -- Acerca de las providencias judiciales en el Código General del Proceso / Carlos Adolfo Prieto Monroy -- Acumulación de procesos y demandas en el Código General del Proceso / Néstor Orlando Prieto Ballén -- Acerca de las formas de terminación anormal del proceso en el Código General del Proceso / Carlos Adolfo Prieto Monroy -- Medios de impugnación : aspectos más relevantes en el Código General del Proceso / Ricardo Zapó Méndez -- De los procesos declarativos en el Código General del Proceso / Ramiro Bejarano Guzmán -- Algunos escolios sobre el proceso ejecutivo en el Código General del Proceso / Edgardo Villamil Portilla -- Principales reformas introducidas a los procedimientos en materia de familia por el Código General del Proceso / Jesael Antonio Giralda Castaño -- El proceso de sucesión en el Código General del Proceso / José Antonio Cruz Suárez -- Una introducción al régimen de insolvencia de la persona natural no comerciante / Nicolás Pájaro Moreno. |
| 546 ## - NOTA DE IDIOMA |
| Nota de lengua/lenguaje |
Español |
| 610 10 - PUNTO DE ACCESO ADICIONAL DE MATERIA--NOMBRE DE ENTIDAD CORPORATIVA |
| Nombre de entidad corporativa o nombre de jurisdicción como elemento de entrada |
Colombia. |
| Título de la obra |
Código general del proceso. |
| 650 #0 - PUNTO DE ACCESO ADICIONAL DE MATERIA--TÉRMINO DE MATERIA |
| Término de materia o nombre geográfico como elemento de entrada |
Procedimiento civil |
| Subdivisión geográfica |
Colombia |
| 9 (RLIN) |
1915 |
| 700 1# - ENTRADA AGREGADA--NOMBRE PERSONAL |
| Nombre de persona |
Cruz Tejada, Horacio, |
| Término indicativo de función/relación |
Coordinador |
| 942 ## - ELEMENTOS DE ENTRADA SECUNDARIOS (KOHA) |
| Fuente del sistema de clasificación o colocación |
Clasificación Decimal Dewey |
| Tipo de ítem Koha |
Libros |